[Event "AUS-ch U18"]
[Site "Canberra"]
[Date "2001.01.17"]
[Round "6.25"]
[White "Ly, Fergus"]
[Black "Gowor, Roman"]
[Result "0-1"]
[WhiteElo "1093"]
[BlackElo "1235"]
[PlyCount "102"]
[EventDate "2001.01.??"]
[EventType "swiss"]
[EventRounds "11"]
[EventCountry "AUS"]
[SourceTitle "CBM 080 Extra"]
[Source "ChessBase"]
[SourceDate "2001.03.08"]
[SourceVersion "1"]
[SourceVersionDate "2001.03.08"]
[SourceQuality "1"]

1. e4 e5 2. Nf3 Nc6 3. Bb5 f5 4. d3 Bc5 5. c3 d6 6. Qb3 fxe4 7. dxe4 Bg4 8. Ng5 Qf6 9. 0-0 h6 10. Bc4 Na5 11. Qb5+ c6 12. Qxa5 hxg5 13. Qc7 Bc8 14. Nd2 Bb6 15. Qf7+ Qxf7 16. Bxf7+ Kxf7 17. Nf3 g4 18. Ng5+ Kg6 19. Kh1 Bd8 20. f4 exf4 21. Bxf4 Bxg5 22. Bxd6 Be7 23. e5 Bxd6 24. exd6 Nf6 25. Rae1 Nh5 26. Kg1 Rd8 27. Rd1 Nf6 28. Rfe1 Ne8 29. d7 Rxd7 30. Rxd7 Bxd7 31. Re7 Nf6 32. h3 Re8 33. Rxe8 Bxe8 34. hxg4 Nxg4 35. Kf1 Bf7 36. a3 Ne3+ 37. Kf2 Nd1+ 38. Ke2 Nxb2 39. Kd2 Nc4+ 40. Kc1 Nxa3 41. Kb2 Nc4+ 42. Ka1 Kg5 43. Kb1 Ne3 44. g3 Kg4 45. c4 Kxg3 46. c5 g5 47. Kb2 g4 48. Kc3 Kf3 49. Kd3 g3 50. Kd2 g2 51. Kd3 Be6 0-1